韓国の市 - Statistics

General Stats
  • This quiz has been taken 68 times
  • The average score is 24 of 83
Answer Stats
ヒント 答え % Correct
特別市 ソウル
98%
広域市 釜山
96%
広域市 仁川
90%
広域市 大田
85%
広域市 大邱
81%
済州特別自治道 済州
79%
広域市 蔚山
77%
京畿道 水原
75%
広域市 光州
73%
特別自治市 世宗
69%
江原道 江陵
56%
全羅北道 全州
52%
忠清北道 清州
44%
慶尚北道 慶州
44%
京畿道 金浦
42%
京畿道 金浦
42%
江原道 春川
40%
全羅南道 木浦
40%
京畿道 議政府
40%
京畿道 城南
38%
京畿道 高陽
38%
京畿道 富川
38%
忠清南道 天安
31%
京畿道 楊州
31%
慶尚北道 浦項
29%
慶尚南道 昌原
29%
江原道 東海
29%
京畿道 南楊州
29%
京畿道 広州
29%
忠清南道 牙山
27%
慶尚南道 金海
27%
京畿道 華城
27%
京畿道 龍仁
27%
京畿道 安山
27%
京畿道 安養
27%
京畿道 坡州
27%
慶尚北道 安東
25%
全羅南道 麗水
25%
済州特別自治道 西帰浦
25%
京畿道 東豆川
25%
江原道 束草
23%
京畿道 平沢
23%
京畿道 始興
21%
慶尚北道 慶山
19%
慶尚南道 晋州
19%
江原道 原州
19%
京畿道 九里
19%
慶尚北道 亀尾
17%
全羅北道 益山
17%
京畿道 果川
17%
忠清北道 忠州
15%
慶尚北道 金泉
15%
慶尚北道 尚州
15%
京畿道 烏山
15%
忠清北道 堤川
13%
忠清南道 公州
13%
慶尚南道 密陽
13%
江原道 三陟
13%
全羅南道 順天
13%
全羅南道 光陽
13%
全羅南道 羅州
13%
京畿道 光明
13%
京畿道 利川
13%
京畿道 安城
13%
忠清南道 唐津
10%
慶尚南道 巨済
10%
慶尚南道 統営
10%
京畿道 河南
10%
忠清南道 鶏龍
8%
慶尚北道 栄州
8%
慶尚北道 永川
8%
慶尚北道 聞慶
8%
慶尚南道 泗川
8%
江原道 太白
8%
全羅北道 井邑
8%
全羅北道 南原
8%
京畿道 義王
8%
忠清南道 瑞山
6%
忠清南道 論山
6%
忠清南道 保寧
6%
慶尚南道 梁山
6%
全羅北道 金堤
6%
京畿道 抱川
6%
No matching quizzes found
Score Distribution
Percent of People with Each Score
Percentile by Number Answered
Your Score History
You have not taken this quiz